00441nam a2200145 i 4500001000300000100002000003245005700023260003700080020001500117040000800132041000800140080000800148008004100156856009800197bg1 aWHITEMAN, I. R. 0aA bibliography for finite elements /cI.R. Whiteman. aLondon :bAcademic Press,c1975. a0127472606 cBPK apol a624 s pl f |000 0 pol  uhttp://koha.tu.koszalin.pl/cgi-bin/koha/opac-detail.pl?biblionumber=18172yKatalog online BPK